रूपकथा / (Record no. 32405)

MARC details
000 -LEADER
fixed length control field 01778nam a22002417a 4500
005 - DATE AND TIME OF LATEST TRANSACTION
control field 20091210115614.0
008 - FIXED-LENGTH DATA ELEMENTS--GENERAL INFORMATION
fixed length control field 091210t xxu||||| |||| 00| j hind
020 ## - INTERNATIONAL STANDARD BOOK NUMBER
Terms of availability 175.00
035 ## - SYSTEM CONTROL NUMBER
System control number B-370761-763
037 ## - SOURCE OF ACQUISITION
Source of stock number/acquisition कला साहित्य संस्थान/ PUB
040 ## - CATALOGING SOURCE
Original cataloging agency DPL
Language of cataloging HN
082 ## - DEWEY DECIMAL CLASSIFICATION NUMBER
Classification number
100 ## - MAIN ENTRY--PERSONAL NAME
Personal name खरे, ममता
9 (RLIN) 16567
245 ## - TITLE STATEMENT
Title रूपकथा /
Statement of responsibility, etc ममता खरे
260 ## - PUBLICATION, DISTRIBUTION, ETC. (IMPRINT)
Place of publication, distribution, etc दिल्ली
Name of publisher, distributor, etc कला साहित्य संस्थान
Date of publication, distribution, etc 2008
270 ## - ADDRESS
Address 430, प्रथम तल, महाराम मौहल्ला, शाहदरा
City दिल्ली
Postal code 110032
300 ## - PHYSICAL DESCRIPTION
Extent 135पृ
Dimensions 22सेमी (सजिल्द)
Other physical details सचित्र
942 ## - ADDED ENTRY ELEMENTS (KOHA)
Source of classification or shelving scheme Dewey Decimal Classification
Item type Children Books
Classification part
Call number suffix खरेम
Holdings
Withdrawn status Lost status Source of classification or shelving scheme Damaged status Not for loan Collection code Home library Current library Date acquired Source of acquisition Cost, normal purchase price Total Checkouts Full call number Barcode Date last seen Copy number Cost, replacement price Koha item type
    Dewey Decimal Classification     Fiction Janak Puri Janak Puri 25/08/2010 कला साहित्य संस्थान/151/21.01.10/256/16.01.10/10.02.10 175.00 7 क खरेम B-370761 20/02/2021 2 175.00 Children Books
    Dewey Decimal Classification     Fiction Janak Puri Janak Puri 25/08/2010 कला साहित्य संस्थान/151/21.01.10/256/16.01.10/10.02.10 175.00 26 क खरेम B-370762 13/08/2012 2 175.00 Children Books
    Dewey Decimal Classification     Fiction Vinoba Puri Vinoba Puri 25/08/2010 कला साहित्य संस्थान/151/21.01.10/256/16.01.10/10.02.10 175.00 8 क खरेम B-370763 27/10/2017 1 175.00 Children Books

© Delhi Public Library
Hit Counter
free hit counter